| 000 | 00634nam a2200253Ia 4500 | ||
|---|---|---|---|
| 005 | 20251020182445.0 | ||
| 008 | 200515s9999 xx 000 0 und d | ||
| 020 | _a84-252-1640-0 | ||
| 082 | _a537.33/L30 | ||
| 100 | _aLawrence, Mike | ||
| 245 | 0 | _aInstalaciones eléctricas e iluminación | |
| 260 | _aBarcelona | ||
| 260 | _bGustavo Gili | ||
| 260 | _c1995 | ||
| 300 | _a96 p. | ||
| 300 | _bil., tbl., graf., fot. | ||
| 490 | _aCOLECCIÓN "HÁGALO USTED MISMO" | ||
| 500 | _a1 ejemplar | ||
| 650 | _aELECTRICIDAD | ||
| 650 | _aILUMINACIONES | ||
| 650 | _aINSTALACIONES ELECTRICAS | ||
| 942 | _cLIB | ||
| 999 |
_c659 _d659 |
||